Kraje które są większe od Polski - Statystyki

Ogólne statystyki
  • Ten quiz został rozwiązany 708 razy
    681 od ostatniego zresetowania
  • Średni wynik to 37 z 68
Statystyki odpowiedzi
Państwa: % Poprawnych
Rosja
98%
Chiny
92%
Stany zjednoczone
92%
Kanada
91%
Brazylia
90%
Francja
88%
Niemcy
88%
Hiszpania
84%
Ukraina
83%
Argentyna
80%
Indie
80%
Australia
78%
Meksyk
78%
Kazachstan
75%
Szwecja
75%
Norwegia
73%
Finlandia
72%
Republika południowej afryki
71%
Egipt
70%
Turcja
69%
Japonia
66%
Algieria
64%
Chile
64%
Iran
63%
Mongolia
62%
Demokratyczna republika konga
61%
Niger
60%
Arabia saudyjska
59%
Indonezja
59%
Kolumbia
59%
Peru
58%
Nigeria
57%
Irak
56%
Pakistan
55%
Wenezuela
53%
Libia
52%
Maroko
52%
Sudan
51%
Kongo
48%
Boliwia
47%
Afganistan
45%
Czad
43%
Etiopia
41%
Uzbekistan
41%
Tajlandia
40%
Angola
39%
Kenia
39%
Mali
39%
Turkmenistan
39%
Wietnam
39%
Somalia
37%
Sudan południowy
37%
Mauretania
34%
Jemen
33%
Madagaskar
32%
Mozambik
31%
Paragwaj
31%
Tanzania
31%
Malezja
30%
Namibia
30%
Zambia
30%
Mjanma
28%
Zimbabwe
28%
Botswana
27%
Republika środkowoafrykańska
27%
Kamerun
26%
Wybrzeże kości słoniowej
25%
Papua-nowa gwinea
20%
Nie znaleziono quizów pasujących do podanych kryteriów
Rozkład punktacji
Procent ludzi z każdym wynikiem
Percentyl według liczby udzielonych odpowiedzi
Twoja historia wyników
Nie rozwiązałeś tego quizu od ostatniego zresetowania